00473nam a2200181 a 4500001001300000003000900013005001700022008004100039020001000080082002000090100001900110245005500129260003900184300000900223500003500232505001000267650001400277nice12345678IN_TiNIC20260116012816.0050524s1982 dela grp 000 0 eng  ac12000a305.480297bPAP aPapanek, Hanna aSeparate Worldsb Studies of Purdah in South Asia. aDelhibChanakya Publicationsc1982 a317p aincludes index and biblioraphy2 aIndex aSociology